01368nam a2200409 i 450000100060000000300080000600500170001400600190003100700150005000800410006502000180010603500230012403500240014703500250017103500210019604000310021705000210024808200120026910000260028124500750030726400450038230000410042733600310046833700330049933800430053249000270057550000230060250400290062558801260065465000140078065000170079465000140081165000150082565500270084083000290086785600620089645594FlNmELB20241216231718.0m o d | cr cnu||||||||140830s2012 ag ob 001 0 spa d z9789875844483 a(MiAaPQ)EBC3221263 a(Au-PeEL)EBL3221263 a(CaPaEBR)ebr10889486 a(OCoLC)992031247 aFINmELBbspaerdacFINmELB 4aQA445bS757 20120 a5162231 aSpinadel, Vera W. de.10aForma y matemática.nII,pfractales y forma. /cVera W. de Spinadel. 1aBuenos Aires :bEditorial Nobuko,c2012. a1 recurso en línea (136 páginas) atextobtxt2rdacontent/spa acomputadorabc2rdamedia/spa arecurso en líneabcr2rdacarrier/spa1 aSerie difusión ;v24 aContiene índice. aContiene bibliografía. aDescripción basada en recurso en línea; Título de la página del título en PDF (e-libro, visto august 30, 2014). 0aGeometry. 4aGeometría. 0aFractals. 4aFractales. 4aLibros electrónicos. 0aSerie difusión. ;v24.40uhttps://elibro.net/ereader/politecnicointernacional/77931